| 000 | 01205nam a2200277 a 4500 | ||
|---|---|---|---|
| 001 | BRCA_8365 | ||
| 005 | 20190320210242.0 | ||
| 008 | 290714s1903----fr-a###f##---#001-0#fre-# | ||
| 041 | _afre | ||
| 044 | _afr | ||
| 050 | 4 |
_aNK3049 _b.F46 1903 |
|
| 100 | 1 |
_aFenaille, Maurice _920958 |
|
| 245 | 1 | 0 |
_aÉtat général des Tapisseries de la manufacture des Gobelines _bdepuis son origine jusqu´a nos jours 1600-1900 _cpublié par Maurice Fenaille. |
| 260 |
_aParis _bHachette _c1903 |
||
| 300 |
_a4 v. _bil. (algunas a color), 414 láminas _c39 cm. |
||
| 500 | _aCuatro ejemplares inventariados como un solo libro por el Banco de México | ||
| 500 | _aEjemplares con número 199 de 325 | ||
| 500 | _aEdición de cantos dorados | ||
| 500 | _aIncluye tabla cronológica, índice de materias e índice de grabados | ||
| 500 | _aR101 | ||
| 505 | 0 | _av.1 Période de Fondation (1662-1699).-- v.2 Période du Dix-huitiéme siécle (1699-1736).-- v.3 Période du Dix-huitiéme siécle -deuxiéme partie- (1737-1793).-- v.4 Période du Dix-neuviéme siécle (1794-1900) | |
| 650 | 1 | 4 |
_aTapices _y1600-1900 _zFrancia _920959 |
| 650 | 1 | 4 |
_aGobelinos _y1600-1900 _zFrancia _920960 |
| 902 | _aGFM | ||
| 942 |
_2lcc _cB |
||
| 999 |
_c8033 _d8033 |
||